000
00323nam a22001337a 4500
020
_a
978-81-7700-230-0
082
_a
004
_b
ARO/C
100
_a
ARORA, SUMITA
245
_a
COMPUTER SCIENCE WITH PYTHON
260
_a
NEW DELHI
_b
DHANPAT RAI & CO
_c
2019
300
_a
528
520
_a
COMPUTER SCIENCE WITH PYTHON
942
_c
BK
999
_c
7801
_d
7801